<?xml version="1.0" encoding="UTF-8"?>
<record
    xmlns:xsi="http://www.w3.org/2001/XMLSchema-instance"
    xsi:schemaLocation="http://www.loc.gov/MARC21/slim http://www.loc.gov/standards/marcxml/schema/MARC21slim.xsd"
    xmlns="http://www.loc.gov/MARC21/slim">

  <leader>01633ngm a22003377i 4500</leader>
  <controlfield tag="001">IT\ICCU\UBO\1719008</controlfield>
  <controlfield tag="003">ItRI</controlfield>
  <controlfield tag="005">20260124182819.0</controlfield>
  <controlfield tag="008">020628s1993    it |||||||||||||||k|||||c</controlfield>
  <datafield tag="040" ind1=" " ind2=" ">
    <subfield code="b">ita</subfield>
  </datafield>
  <datafield tag="041" ind1=" " ind2="7">
    <subfield code="a">ita</subfield>
    <subfield code="2">ISO-639-2</subfield>
  </datafield>
  <datafield tag="130" ind1="4" ind2=" ">
    <subfield code="a">The lodger</subfield>
    <subfield code="3">IT\ICCU\VIA\0076052</subfield>
    <subfield code="9">Lowndes, Marie Belloc</subfield>
  </datafield>
  <datafield tag="245" ind1="0" ind2="4">
    <subfield code="a">The Lodger :</subfield>
    <subfield code="b">il pensionante : una storia della nebbia a Londra /</subfield>
    <subfield code="c">regia di Alfred Hitchcock ; sceneggiatura di Alfred Hitchcock e Eliot Stannard ; tratto dal romanzo di Belloc-Lowndes.</subfield>
  </datafield>
  <datafield tag="260" ind1=" " ind2=" ">
    <subfield code="a">[IT?] :</subfield>
    <subfield code="b">N.I.C.,</subfield>
    <subfield code="c">c1993</subfield>
  </datafield>
  <datafield tag="300" ind1=" " ind2=" ">
    <subfield code="a">1 videocassetta (VHS) (ca 59 min.) :</subfield>
    <subfield code="b">b/n, muto</subfield>
  </datafield>
  <datafield tag="500" ind1=" " ind2=" ">
    <subfield code="a">Interpreti: Ivor Novello, June Marie Ault, Arthur Chesney ; didascalie in italiano</subfield>
  </datafield>
  <datafield tag="500" ind1=" " ind2=" ">
    <subfield code="a">Descrizione basata sul contenitore.</subfield>
  </datafield>
  <datafield tag="500" ind1=" " ind2=" ">
    <subfield code="a">tit. originale</subfield>
    <subfield code="0">IT\ICCU\VIA\0076052</subfield>
  </datafield>
  <datafield tag="700" ind1="1" ind2=" ">
    <subfield code="a">Hitchcock, Alfred</subfield>
    <subfield code="0">IT\ICCU\CFIV\007729</subfield>
    <subfield code="4">drt</subfield>
  </datafield>
  <datafield tag="700" ind1="1" ind2=" ">
    <subfield code="a">Lowndes, Marie Belloc</subfield>
    <subfield code="0">IT\ICCU\SBLV\104590</subfield>
    <subfield code="4">ant</subfield>
  </datafield>
  <datafield tag="700" ind1="1" ind2=" ">
    <subfield code="a">Novello, Ivor</subfield>
    <subfield code="0">IT\ICCU\TO0V\342448</subfield>
    <subfield code="4">act</subfield>
  </datafield>
  <datafield tag="700" ind1="1" ind2=" ">
    <subfield code="a">Stannard, Elliot</subfield>
    <subfield code="0">IT\ICCU\TO0V\342449</subfield>
    <subfield code="4">sce</subfield>
  </datafield>
  <datafield tag="700" ind1="1" ind2=" ">
    <subfield code="a">Chesney, Arthur</subfield>
    <subfield code="c"> (attore)</subfield>
    <subfield code="0">IT\ICCU\UBOV\646577</subfield>
    <subfield code="4">act</subfield>
  </datafield>
  <datafield tag="700" ind1="1" ind2=" ">
    <subfield code="a">Ault, June Marie</subfield>
    <subfield code="0">IT\ICCU\UBOV\646579</subfield>
    <subfield code="4">act</subfield>
  </datafield>
  <datafield tag="790" ind1="1" ind2=" ">
    <subfield code="a">Hitchcock, Alfred Joseph</subfield>
    <subfield code="3">IT\ICCU\SBNV\034806</subfield>
    <subfield code="z">Hitchcock, Alfred</subfield>
  </datafield>
  <datafield tag="790" ind1="1" ind2=" ">
    <subfield code="a">Lowndes, Belloc</subfield>
    <subfield code="3">IT\ICCU\LIGV\057724</subfield>
    <subfield code="z">Lowndes, Marie Belloc</subfield>
  </datafield>
  <datafield tag="790" ind1="1" ind2=" ">
    <subfield code="a">Belloc-Lowndes, Marie Adelaide</subfield>
    <subfield code="3">IT\ICCU\SBNV\007001</subfield>
    <subfield code="z">Lowndes, Marie Belloc</subfield>
  </datafield>
  <datafield tag="790" ind1="1" ind2=" ">
    <subfield code="a">Belloc, Marie Adelaide</subfield>
    <subfield code="3">IT\ICCU\SBNV\007002</subfield>
    <subfield code="z">Lowndes, Marie Belloc</subfield>
  </datafield>
  <datafield tag="790" ind1="1" ind2=" ">
    <subfield code="a">Lowndes, Marie Adelaide Belloc</subfield>
    <subfield code="3">IT\ICCU\SBNV\007003</subfield>
    <subfield code="z">Lowndes, Marie Belloc</subfield>
  </datafield>
  <datafield tag="942" ind1=" " ind2=" ">
    <subfield code="2">ddc</subfield>
    <subfield code="c">VM</subfield>
    <subfield code="n">0</subfield>
  </datafield>
  <datafield tag="999" ind1=" " ind2=" ">
    <subfield code="c">22649</subfield>
    <subfield code="d">22649</subfield>
  </datafield>
  <datafield tag="952" ind1=" " ind2=" ">
    <subfield code="0">0</subfield>
    <subfield code="1">0</subfield>
    <subfield code="4">0</subfield>
    <subfield code="7">0</subfield>
    <subfield code="a">BO</subfield>
    <subfield code="b">BO</subfield>
    <subfield code="d">2026-01-24</subfield>
    <subfield code="i">6179</subfield>
    <subfield code="l">0</subfield>
    <subfield code="o">VO 50</subfield>
    <subfield code="p">BO6179</subfield>
    <subfield code="r">2026-01-24 18:28:19</subfield>
    <subfield code="w">2026-01-24</subfield>
    <subfield code="y">VM</subfield>
    <subfield code="z">1 videocassetta</subfield>
  </datafield>
</record>
